ARRUPE JESUIT UNIVERSITY

CORONAVIRUS -STOP THE SPREAD - CLEAN,DISINFECT,COVER

Oscar Romero : (Record no. 123892)

MARC details
000 -LEADER
fixed length control field 00920cam a22002895i 4500
001 - CONTROL NUMBER
control field 18674198
003 - CONTROL NUMBER IDENTIFIER
control field ARRUPE
005 - DATE AND TIME OF LATEST TRANSACTION
control field 20160203115800.0
008 - FIXED-LENGTH DATA ELEMENTS--GENERAL INFORMATION
fixed length control field 150625s2015 mau 000 0 eng
010 ## - LIBRARY OF CONGRESS CONTROL NUMBER
LC control number 2015944954
020 ## - INTERNATIONAL STANDARD BOOK NUMBER
International Standard Book Number 9780819854667 (pbk.)
020 ## - INTERNATIONAL STANDARD BOOK NUMBER
International Standard Book Number 0819854662 (pbk.)
020 ## - INTERNATIONAL STANDARD BOOK NUMBER
International Standard Book Number 9780819854681 (mobi)
020 ## - INTERNATIONAL STANDARD BOOK NUMBER
International Standard Book Number 0819854689 (mobi)
040 ## - CATALOGING SOURCE
Original cataloging agency DLC
Language of cataloging eng
Description conventions rda
Transcribing agency DLC
Modifying agency DLC
042 ## - AUTHENTICATION CODE
Authentication code pcc
050 ## - LIBRARY OF CONGRESS CALL NUMBER
Classification number BX4705.R669
Item number M871
300 ## - PHYSICAL DESCRIPTION
Dimensions 20cm.
100 1# - MAIN ENTRY--PERSONAL NAME
Personal name Della Rocca, Morozzo Roberto
9 (RLIN) 21357
245 10 - TITLE STATEMENT
Title Oscar Romero :
Remainder of title prophet of hope /
Statement of responsibility, etc Roberto Morozzo Della Rocca; foreword by Hosffman Ospino, PhD; preface by Andrea Riccardi.
260 ## - PUBLICATION, DISTRIBUTION, ETC. (IMPRINT)
Place of publication, distribution, etc London
Name of publisher, distributor, etc Darton, Longman and Todd
Date of publication, distribution, etc 2015
300 ## - PHYSICAL DESCRIPTION
Extent xv, 234p.;
600 ## - SUBJECT ADDED ENTRY--PERSONAL NAME
Personal name Romero, Oscar
9 (RLIN) 8087
700 ## - ADDED ENTRY--PERSONAL NAME
Personal name Della Rocca,
9 (RLIN) 21358
906 ## - LOCAL DATA ELEMENT F, LDF (RLIN)
a 0
b ibc
c orignew
d 2
e epcn
f 20
g y-gencatlg
942 ## - ADDED ENTRY ELEMENTS (KOHA)
Source of classification or shelving scheme Library of Congress Classification
Koha item type Monograph ( Printed materials)
Holdings
Withdrawn status Lost status Source of classification or shelving scheme Damaged status Not for loan Collection code Home library Current library Shelving location Date acquired Total Checkouts Full call number Barcode Date last seen Date checked out Price effective from Koha item type
    Library of Congress Classification     Main Collection ARRUPE LIBRARY ARRUPE LIBRARY Main Collection 16/12/2015 2 BX4705.R669M871 46500005733 24/11/2023 09/11/2023 16/12/2015 Monograph ( Printed materials)

 

Arrupe Library. PO Box MP320 Mt Pleasant, Harare, Zimbabwe
263 242 745411|librarian@aju.ac.zw